| 000 | 00000nam 2200000zi 4500 |
| 001 | 9.908393 |
| 003 | CaOODSP |
| 005 | 20221107181639 |
| 006 | m o d f |
| 007 | cr mn||||||||| |
| 008 | 220223s1935 onc ob f000 0 eng d |
| 040 | |aCaOODSP|beng|erda|cCaOODSP |
| 043 | |an-cn-on |
| 086 | 1 |aNM3-2/78-1935E-PDF |
| 100 | 1 |aJenness, Diamond, |d1886-1969 |eauthor. |
| 245 | 14|aThe Ojibwa Indians of Parry Island, their social and religious life / |cby Diamond Jenness. |
| 264 | 1|aOttawa : |bJ.O. Patenaude, I.S.O, Printer to the King's Most Excellent Majesty, |c1935. |
| 300 | |a1 online resource (vi, 115 pages). |
| 336 | |atext|btxt|2rdacontent |
| 337 | |acomputer|bc|2rdamedia |
| 338 | |aonline resource|bcr|2rdacarrier |
| 490 | 1 |aBulletin ; |vno. 78 |
| 490 | 1 |aAnthropological series ; |vno. 17 |
| 500 | |aDigitized edition from print [produced by Geological Survey of Canada]. |
| 504 | |aIncludes bibliographical references. |
| 650 | 5|aFirst Nations|zOntario|xSocial life and customs. |
| 650 | 5|aFirst Nations|zOntario|xReligion. |
| 650 | 6|aAutochtones|zOntario|xMœurs et coutumes. |
| 650 | 6|aAutochtones|zOntario|xReligion. |
| 710 | 2 |aNational Museum of Canada, |eissuing body. |
| 830 | #0|aBulletin (National Museum of Canada)|vno. 78.|w(CaOODSP)9.907091|aBulletin (National Museum of Canada). |vno. 17. |
| 856 | 40|qPDF|s53.65 MB|uhttps://publications.gc.ca/collections/collection_2022/rncan-nrcan/NM3-2-78-1935-eng.pdf |